Word Ladder: TV Ad Executive Quiz Stats

 Plays Quiz Updated Oct 29, 2014

Challenge
Share
Tweet
Embed
Score 0/25 Timer 03:00
0 Plays Today
Hint 3-Letter Word % Correct
Joan of ___ARC
99.2%
Pablo Picasso's specialtyART
95.6%
Not at the start or endMID
94.2%
Not brightDIM
91.6%
Try to hit a targetAIM
91.3%
♙ 60'S Humor Magazine ♙♙ MAD ♙
88.4%
60's actress Doris ___DAY
87.7%
AssistAID
87.5%
Massachusetts schoolMIT
87.3%
♙ One with XY chromosome ♙♙ MAN ♙
87%
Beer relativeALE
86.8%
AridDRY
84.3%
River islandAIT
80.8%
Hint 3-Letter Word % Correct
♙ Deadly condition in 'Lorenzo's Oil' ♙♙ ALD ♙
75.2%
CacophonyDIN
74.9%
♙ 'Walking Dead' Network ♙♙ AMC ♙
73.7%
♙ PUT ON ♙♙ DON ♙
73.6%
Sun. followerMON.
73.4%
ExistARE
71.8%
Extreme vexationIRE
62.4%
George Gershwin's brother and partnerIRA
62%
♙ Nickname for Professor Adams? ♙♙ DR. A. ♙
59.6%
Patriotic women's groupD.A.R.
58.9%
♙ Each or a pop ♙♙ PER ♙
51.2%
Sam Snead's questPAR
49.6%

Today's Daily Dose

You're not logged in!

Compare scores with friends on all Sporcle quizzes.
OR
Log In

You Might Also Like...

Show Comments

Extras

Top Quizzes Today


Score Distribution

Your Account Isn't Verified!

In order to create a playlist on Sporcle, you need to verify the email address you used during registration. Go to your Sporcle Settings to finish the process.

Report this User

Report this user for behavior that violates our Community Guidelines.

Details: